Learning Resource and Development

Treatment compliance of diabetes mellitus type II patients in Catanduanes/ (Record no. 10195)

MARC details
000 -LEADER
fixed length control field 00881nam a22002417a 4500
005 - DATE AND TIME OF LATEST TRANSACTION
control field 20230512223522.0
008 - FIXED-LENGTH DATA ELEMENTS--GENERAL INFORMATION
fixed length control field 190730t xxu||||| |||| 00| 0 eng d
040 ## - CATALOGING SOURCE
Transcribing agency CSPC
090 ## - LOCALLY ASSIGNED LC-TYPE CALL NUMBER (OCLC); LOCAL CALL NUMBER (RLIN)
Classification number (OCLC) (R) ; Classification number, CALL (RLIN) (NR) MTH MAN R664t
100 ## - MAIN ENTRY--PERSONAL NAME
Personal name Romero, Ronald P.,
Relator term author.
245 00 - TITLE STATEMENT
Title Treatment compliance of diabetes mellitus type II patients in Catanduanes/
Statement of responsibility, etc. Ronald P. Romero
260 ## - PUBLICATION, DISTRIBUTION, ETC.
Place of publication, distribution, etc. Nabua, Camarines Sur :
Name of publisher, distributor, etc. Camarines Sur Polytechnic Colleges ;
Date of publication, distribution, etc. 2011.
300 ## - PHYSICAL DESCRIPTION
Extent 125 leaves
502 ## - DISSERTATION NOTE
Dissertation note Master's Thesis (MAN) - Nursing
Name of granting institution Camarines Sur Polytechnic Colleges, 2011.
720 ## - ADDED ENTRY--UNCONTROLLED NAME
Name Rull, Elena V.,
Relator term adviser.
720 ## - ADDED ENTRY--UNCONTROLLED NAME
Name Laniog, Lourdes G.,
Relator term panelist, chair.
720 ## - ADDED ENTRY--UNCONTROLLED NAME
Name Fortuno, Hernani B.,
Relator term panelist.
720 ## - ADDED ENTRY--UNCONTROLLED NAME
Name Nolasco, Angela Concepcion A.,
Relator term panelist.
720 ## - ADDED ENTRY--UNCONTROLLED NAME
Name Salcedo, Maria Laarni M.,
Relator term panelist.
940 ## - EQUIVALENCE OR CROSS-REFERENCE--UNIFORM TITLE [OBSOLETE] [CAN/MARC only]
Uniform title <a href="dyne">dyne</a>
942 ## - ADDED ENTRY ELEMENTS (KOHA)
Koha item type
-- MTH MAN R664t 2011

No items available.